| 000 | 00546ntaaa2200193 4500 | ||
|---|---|---|---|
| 003 | 01 | ||
| 005 | 20251027202833.0 | ||
| 008 | 0714s1973 ag 01 | ||
| 040 |
_aAR-BaBN _bspa _cAR-BaBN _eaacr _dRIC |
||
| 082 | _a268.6100 St8ba | ||
| 100 |
_aStrockland, Hazel N _928986 |
||
| 245 | _aBeginner Sunday school work | ||
| 250 | _a1 ed. | ||
| 260 |
_aNashville : _bSunday School Board of the Southern Baptist Convention, _c1955 |
||
| 300 | _a125 p | ||
| 650 | _apárvulos-escuela dominical | ||
| 700 |
_aLeatherwood, Mattie C _921002 |
||
| 942 | _cBK | ||
| 999 |
_c23778 _d23778 |
||